| 000 | 00572nam a2200205 a 4500 | ||
|---|---|---|---|
| 003 | DO-SdBNP | ||
| 005 | 20211207080204.0 | ||
| 007 | ta | ||
| 008 | 180405s200? a c 000 spa d | ||
| 020 | _a9993491713 | ||
| 040 |
_aDO-SdBNP _bspa _cBNPHU |
||
| 082 | 4 |
_222 _a372.634 _bC153p |
|
| 245 | 1 | 0 | _aCaligrafía palmer actual 2. |
| 260 |
_aSanto Domingo: _bActualiadad Escolar 2000, _c[s.f.]. |
||
| 300 |
_a31 p. : _bil. ; _c26 cm |
||
| 590 | _aInventariado, 2021 / SA | ||
| 650 | 4 | 0 |
_930847 _aCaligrafía _xEstudio y Enseñanza |
| 910 | _aSaquino | ||
| 942 |
_2ddc _cLF2 |
||
| 999 |
_c46370 _d46370 |
||